00000000nas##2200000za#4500
0019.500724
003CaOODSP
00520200421163017
007cr |||||||||||
008150406c2003||||xxc|| p o||||f|   |0fre|d
040 |aCaOODSP|bfre
041 |aeng
041 |afre
043 |an-cn---
0861 |aNH1-2-PDF
1102 |aSociété canadienne d'hypothèques et de logement.
24510|aRapport annuel du régime de retraite de ... |h[ressource électronique]
260 |aOttawa - Ontario : |bSociété canadienne d'hypothèques et de logement
310 |aAnnuel
3621 |a[2003]- 2011
69107|aPension|2gcpds
791 |tPension plan annual report |eeng|w(CaOODSP)9.500723